Score 0/20 Timer 05:00
1 Play Today
% Correct
Aladdin
96.9%
Forrest Gump
95.5%
Quiz Show
95.3%
Lady and the Tramp
94.7%
Sleeping Beauty
94.5%
Groundhog Day
93.3%
Legally Blonde
91.1%
Space Jam
90%
Office Space
87.5%
Dirty Dancing
87.1%
% Correct
Little Miss Sunshine
85.2%
The Breakfast Club
84.7%
The Little Mermaid
82.5%
There's Something About Mary
80.7%
Dirty Harry
80.6%
Good Will Hunting
79.2%
Big
76.9%
A Beautiful Mind
74.6%
Say Anything...
69.4%
Scarface
68.6%
Remove Ads.
Support Sporcle.
Get the best of Sporcle when you Go Orange. This ad-free experience offers more features, more stats, and more fun while also helping to support Sporcle. Thank you for becoming a member.

You're not logged in!

Compare scores with friends on all Sporcle quizzes.
OR
Log In

Show Comments

Extras

Top Quizzes Today


Score Distribution

Your Account Isn't Verified!

In order to create a playlist on Sporcle, you need to verify the email address you used during registration. Go to your Sporcle Settings to finish the process.

Report this User

Report this user for behavior that violates our Community Guidelines.

Details: